Talking medicine : Czech for medical students /

Hlavní autor: Čermáková, Iveta, 1969-
Korporativní autor: Univerzita Karlova
Jazyk: Angličtina
Čeština
Vydáno: V Praze : Karolinum, 2008
Vydání: 2nd ed., 1st at Karolinum Press
Edice: Učební texty Univerzity Karlovy v Praze
Témata:
Externí odkaz: Digitalizovaný dokument
Fyzický popis: 234 s. : il. ; 23 cm + 1 CD
Knihy
Uloženo v:
LEADER 02383nam a2200637 a 4500
001 nkc20081803869
003 CZ PrNK
005 20220516150359.0
007 ta
008 080512s2008 xr a e p 000 0 eng
015 |a cnb001803869 
020 |a 978-80-246-1529-5  |q (brož.) :  |c Kč 320,00 
035 |a (OCoLC)316297904 
040 |a ABA001  |b cze 
041 0 |a eng  |a cze 
072 7 |a 811.162.3  |x Čeština  |2 Konspekt  |9 11 
072 7 |a 37.016  |x Učební osnovy. Vyučovací předměty. Učebnice  |2 Konspekt  |9 22 
080 |a 61  |2 MRF 
080 |a 811.162.3  |2 MRF 
080 |a 811.111  |2 MRF 
080 |a 81'373.46  |2 MRF 
080 |a 81'24'373.46  |2 MRF 
080 |a (075.8)  |2 MRF 
100 1 |a Čermáková, Iveta,  |d 1969-  |7 mzk2007382068  |4 aut 
245 1 0 |a Talking medicine :  |b Czech for medical students /  |c Iveta Čermáková 
246 3 0 |a Czech for medical students 
250 |a 2nd ed., 1st at Karolinum Press 
260 |a V Praze :  |b Karolinum,  |c 2008 
300 |a 234 s. :  |b il. ;  |c 23 cm +  |e 1 CD 
490 1 |a Učební texty Univerzity Karlovy v Praze 
500 |a V roce 2010 dotisk 
500 |a Česko-anglický slovník 
504 |a Obsahuje bibliografii 
521 8 |a Určeno zahraničním studentům studujícím medicínu v ČR 
550 |a Vydavatel: Univerzita Karlova v Praze 
650 0 7 |a lékařství  |7 ph115195  |2 czenas 
650 0 7 |a čeština  |7 ph135292  |2 czenas 
650 0 7 |a angličtina  |7 ph114056  |2 czenas 
650 0 7 |a oborová terminologie  |7 ph138998  |2 czenas 
650 0 7 |a oborová konverzace  |7 ph166080  |2 czenas 
650 0 9 |a medicine  |2 eczenas 
650 0 9 |a Czech language  |2 eczenas 
650 0 9 |a English language  |2 eczenas 
650 0 9 |a terminology (professional)  |2 eczenas 
650 0 9 |a conversation, terms and phrases (professional)  |2 eczenas 
653 0 |a čeština jako cizí jazyk 
655 7 |a učebnice vysokých škol  |7 fd133772  |2 czenas 
655 9 |a textbooks (higher)  |2 eczenas 
710 2 |a Univerzita Karlova  |7 kn20010710036 
810 2 |a Univerzita Karlova.  |t Učební texty  |0 s 
856 4 1 |u http://www.digitalniknihovna.cz/mzk/uuid/uuid:0230a660-9218-11e3-8e84-005056827e51  |y Digitalizovaný dokument  |x NDK 
910 2 |a BOA001  |b 2-1214.881 
990 |a BK 
995 |a 01 
991 |b 200901  |c NOV 
996 6 |b 2610357230  |c 2-1214.881,1  |l MZK  |r Sklad / do 1 hodiny  |n 2  |p p.v.  |w 000925532  |u 000010  |a 1  |e BOA001  |j MZK50  |s P